000
00298nam a2200145Ia 4500
100
_a
Dongawlal
650
_a
Fitter
942
_c
BK
654
_a
trade fittter
245
_a
Trade -Fitter -Paper solutions
260
_b
Anmin
_a
Pune
082
_a
621.9
_b
DON
546
_a
ENGLISH
999
_c
32121
_d
32121